Normal view
MARC view
- Wilson, Howard B,Turcotte, Louis H,Halpern, David
Entry Personal Name
001 - CONTROL NUMBER
- control field: 61477
003 - CONTROL NUMBER IDENTIFIER
- control field: NUST
005 - DATE AND TIME OF LATEST TRANSACTION
- control field: 20210628202746.0
008 - FIXED-LENGTH DATA ELEMENTS
- fixed length control field: 210628|| aca||aabn | a|a d
040 ## - CATALOGING SOURCE
- Original cataloging agency: NUST
- Transcribing agency: NUST
100 ## - HEADING--PERSONAL NAME
- Personal name: Wilson, Howard B,Turcotte, Louis H,Halpern, David
670 ## - SOURCE DATA FOUND
- Source citation: Work cat.: (NUST): Wilson, Howard B,Turcotte, Louis H,Halpern, David, Advanced mathematics and mechanics applications using matlab, 2003
